| 000 | 00777 a2200277 4500 | ||
|---|---|---|---|
| 001 | 18525 | ||
| 999 |
_c18525 _d10549 |
||
| 003 | TR-AnTOB | ||
| 005 | 20240924165635.0 | ||
| 008 | 041102s2001 tu tur | ||
| 020 | _a975936140X | ||
| 035 | _a18525 | ||
| 041 | _atur | ||
| 050 |
_aDS51.H349 _bZ4 2001 |
||
| 090 | _aDS51.H349 Z4 2001 | ||
| 100 |
_aZengin, Burhan _910549 |
||
| 245 | 0 |
_aHasankeyf tarihi ve tarihi eserleri / _cBurhan Zengin. |
|
| 250 | _a2. bs. | ||
| 264 | 1 |
_aİstanbul : _bŞahsi Yayın, _c2001 |
|
| 300 |
_a205 p. : _bcol. ill. ; _c24 cm. |
||
| 500 | _aIncludes bibliographies. | ||
| 650 | 0 |
_aİslam mimarisi _zTürkiye _zHasankeyf _910552 |
|
| 651 |
_aHasankeyf (Türkiye) _xTarihi eserler _910550 |
||
| 651 |
_aHasankeyf (Türkiye) _xYapılar _910551 |
||
| 902 | _a0008803 | ||
| 942 | _cBK | ||